<?xml version="1.0" encoding="UTF-8"?><?xml-stylesheet type="text/xsl" href="static/style.xsl"?><OAI-PMH xmlns="http://www.openarchives.org/OAI/2.0/" xmlns:xsi="http://www.w3.org/2001/XMLSchema-instance" xsi:schemaLocation="http://www.openarchives.org/OAI/2.0/ http://www.openarchives.org/OAI/2.0/OAI-PMH.xsd"><responseDate>2026-04-13T06:48:53Z</responseDate><request verb="GetRecord" identifier="oai:www.recercat.cat:2445/187063" metadataPrefix="marc">https://recercat.cat/oai/request</request><GetRecord><record><header><identifier>oai:recercat.cat:2445/187063</identifier><datestamp>2026-01-14T12:34:05Z</datestamp><setSpec>com_2072_1057</setSpec><setSpec>col_2072_478916</setSpec><setSpec>col_2072_478917</setSpec></header><metadata><record xmlns="http://www.loc.gov/MARC21/slim" xmlns:dcterms="http://purl.org/dc/terms/" xmlns:xsi="http://www.w3.org/2001/XMLSchema-instance" xmlns:doc="http://www.lyncode.com/xoai" xsi:schemaLocation="http://www.loc.gov/MARC21/slim http://www.loc.gov/standards/marcxml/schema/MARC21slim.xsd">
   <leader>00925njm 22002777a 4500</leader>
   <datafield ind2=" " ind1=" " tag="042">
      <subfield code="a">dc</subfield>
   </datafield>
   <datafield ind2=" " ind1=" " tag="720">
      <subfield code="a">Sabé, Nuria</subfield>
      <subfield code="e">author</subfield>
   </datafield>
   <datafield ind2=" " ind1=" " tag="720">
      <subfield code="a">Maristany Bosch, Marta</subfield>
      <subfield code="e">author</subfield>
   </datafield>
   <datafield ind2=" " ind1=" " tag="720">
      <subfield code="a">Tuells, Manel</subfield>
      <subfield code="e">author</subfield>
   </datafield>
   <datafield ind2=" " ind1=" " tag="720">
      <subfield code="a">Favà Buch, Alexandre</subfield>
      <subfield code="e">author</subfield>
   </datafield>
   <datafield ind2=" " ind1=" " tag="720">
      <subfield code="a">Melilli, Edoardo</subfield>
      <subfield code="e">author</subfield>
   </datafield>
   <datafield ind2=" " ind1=" " tag="720">
      <subfield code="a">Tubau, Fe</subfield>
      <subfield code="e">author</subfield>
   </datafield>
   <datafield ind2=" " ind1=" " tag="720">
      <subfield code="a">Cruzado, Josep Ma.</subfield>
      <subfield code="e">author</subfield>
   </datafield>
   <datafield ind2=" " ind1=" " tag="720">
      <subfield code="a">Carratalà, Jordi</subfield>
      <subfield code="e">author</subfield>
   </datafield>
   <datafield ind2=" " ind1=" " tag="260">
      <subfield code="c">2022-06-27T10:46:15Z</subfield>
   </datafield>
   <datafield ind2=" " ind1=" " tag="260">
      <subfield code="c">2022-06-27T10:46:15Z</subfield>
   </datafield>
   <datafield ind2=" " ind1=" " tag="260">
      <subfield code="c">2022-06-02</subfield>
   </datafield>
   <datafield ind2=" " ind1=" " tag="260">
      <subfield code="c">2022-06-27T07:57:53Z</subfield>
   </datafield>
   <datafield ind2=" " ind1=" " tag="520">
      <subfield code="a">Acute graft pyelonephritis (AGP) is the leading cause of bloodstream infection in kidney transplant (KT) recipients. The prevalence of urinary tract infections caused by multidrug-resistant (MDR) Gram-negative bacilli is increasing. This 14-year prospective observational study sought to determine the clinical characteristics, risk factors, and outcomes of AGP with bacteremia due to MDR Gram-negative bacilli. Overall, 278 episodes of AGP with bacteremia due to MDR Gram-negative and non-MDR Gram-negative bacilli were identified and compared in 214 KT recipients; MDR Gram-negative bacilli were the cause in 28.4%. Overall 30-day mortality was low (1.1%). Risk factors independently associated with AGP due to MDR Gram-negative bacilli were male sex (OR 3.08; 95%CI 1.60-5.93), previous episode of bacteremic AGP (OR 2.11, 95%CI 1.09-4.09), prior antibiotic therapy in the preceding month (OR 2.47, 95%CI 1.33-4.57), and nosocomial acquisition (OR 2.03, 95%CI 1.14-3.62). Forty-three percent of MDR Gram-negative episodes received inappropriate empirical antibiotic therapy. The risk factors identified in this study may help physicians when selecting empirical antibiotic treatment for AGP. Previous antibiotic use was the main modifiable factor. Its presence highlights the importance of avoiding unnecessary antibiotics in order to bring down the high rates of MDR Gram-negative bacilli infections in this population.</subfield>
   </datafield>
   <datafield tag="653" ind2=" " ind1=" ">
      <subfield code="a">Trasplantament renal</subfield>
   </datafield>
   <datafield tag="653" ind2=" " ind1=" ">
      <subfield code="a">Infeccions del tracte urinari</subfield>
   </datafield>
   <datafield tag="653" ind2=" " ind1=" ">
      <subfield code="a">Kidney transplantation</subfield>
   </datafield>
   <datafield tag="653" ind2=" " ind1=" ">
      <subfield code="a">Urinary tract infections</subfield>
   </datafield>
   <datafield ind2="0" ind1="0" tag="245">
      <subfield code="a">Risk Factors and Outcomes of Acute Graft Pyelonephritis with Bacteremia Due to Multidrug-Resistant Gram-Negative Bacilli among Kidney Transplant Recipients</subfield>
   </datafield>
</record></metadata></record></GetRecord></OAI-PMH>